| 000 | 00549nam a2200193 i 4500 | ||
|---|---|---|---|
| 001 | 50342 | ||
| 003 | ES-MaACL | ||
| 005 | 20230906162150.0 | ||
| 007 | t| | ||
| 008 | 030804s1964 sp ||||1| cat d | ||
| 100 | 1 |
_aCruells, Manuel. _941767 |
|
| 245 | 1 | 4 |
_aEls catlans indiferents / _cManuel Cruells. |
| 260 |
_aBarcelona : _b[s.n.], _c1964. |
||
| 300 |
_a24 p. ; _c22 cm. |
||
| 490 | 1 | _aEdicións d'aportació catalana | |
| 830 | 0 |
_aEdicións d'aportació catalana _9182321 |
|
| 852 |
_aES-MaACL _j2050-F-33 _bR.57909 |
||
| 999 |
_c50342 _d50342 |
||